| 000 | 00843cam a2200277 4500 | ||
|---|---|---|---|
| 001 | 9730 | ||
| 003 | BD-RjUL | ||
| 005 | 20211208234827.0 | ||
| 008 | 140121s1971 maua b 001 0 eng | ||
| 020 | _a0201009129 | ||
| 035 | _a(BD-RjUL)9775 | ||
| 040 |
_aDLC _cDLC _dDLC _dBD-RjUL _beng |
||
| 041 | _aeng | ||
| 082 | 0 | 0 |
_a541.3 _bCAP 1971 |
| 100 | 1 |
_aCastellan, Gilbert William, _d1924- _930084 |
|
| 245 | 1 | 0 |
_aPhysical chemistry / _c[by] Gilbert W. Castellan. |
| 250 | _a2d ed. | ||
| 260 |
_aReading, Mass. : _bAddison-Wesley Pub. Co. _c[c1971] |
||
| 300 |
_axxvi, 866 p. : _billus. ; _c25 cm. |
||
| 490 | 0 | _aAddison-Wesley series in chemistry | |
| 504 | _aBibliography: p. 833-836 & Includes Index. | ||
| 650 | 0 |
_aChemistry, Physical and theoretical. _930085 |
|
| 942 |
_2ddc _cBK |
||
| 999 |
_c9730 _d9730 |
||